MARC

LEADER 00000nam0a2200000 4500
001 300814
005 20231102001335.0
020 |a RU  |b 82-76406 
035 |a (RuTPU)RU\TPU\book\325967 
090 |a 300814 
100 |a 20150716d1982 km y0rusy5003 ca 
101 0 |a rus 
102 |a RU 
105 |a a z 001zy 
200 1 |a Добавки к пластичным смазкам  |f И. Г. Фукс 
210 |a Москва  |c Химия  |d 1982 
215 |a 247 с.  |c ил.  |d 20 см 
320 |a Библиогр.: с. 242-243 
606 1 |a Смазочные материалы  |x Присадки защитные  |2 stltpush  |3 (RuTPU)RU\TPU\subj\55301  |9 73344 
610 1 |a консистентные смазки 
610 1 |a пластичные смазки 
610 1 |a наполнители 
610 1 |a полимерные добавки 
610 1 |a композиции 
610 1 |a технология 
675 |a 621.892.099.6  |z rus  |v 3 
700 1 |a Фукс  |b И. Г.  |g Игорь Григорьевич  |4 070 
801 0 |a RU  |b RuMRKP  |c 19950704  |g psbo 
801 1 |a RU  |b 63413507  |c 20150716 
801 2 |a RU  |b 63413507  |c 20160727  |g RCR 
942 |c BK